000 00960nam a22002777a 4500
001 BR9512215
003 BR-BrBNA
005 20230928095158.0
007 ta
008 230509b bl.||||| |||| 00| 0 por d
040 _aBR-BrBNA
_bpor
_cBiblioteca Nacional de Agricultura
041 _a(Por)
072 _aL73
_b5400
_b4065
090 _ 5400 BR9512215
100 1 _aVal, A.P. da C.
110 1 _aUniversidade Federal de Minas Gerais, Belo Horizonte (Brasil). Escola de Veterinaria
_0Tese (Mestre em Medicina Veterinaria)
245 1 _aLeishmaniose tegumentar canina: estudo clinico e laboratorial de caes experimentalmente infectados com Leishmania (Viannia)braziliensis
260 3 _aBelo Horizonte, MG (Brasil):
_c1994.
300 _a81 p.
500 _aSummaries (Eng, Por); Bibliography p. 71-81; 7 graphs; 5 tables
650 _aCao
650 _aLeishmaniose
650 _aInfeccao
909 _a202309
_bLucia
_c55
_dLucia Elande
942 _cBK
999 _c55011
_d55011